Personnalités suisses - Mort subite - Statistiques

Statistiques générales
  • Ce quiz a été pris 246 fois
  • Le résultat moyen est 6 sur 12
Answers on the Grid
Answers color-coded by a green-red scale on the quiz's grid according to % correct below.
Roger Federer
Stanislas Wawrinka
Stephan Eicher
Alain Delon
Le Corbusier
Jean-Jacques Rousseau
Mike Horn
Guillaume Tell
Granit Xhaka
Alain Berset
Henri Dès
Albert Einstein
René Magritte
Otto Dix
Tallon Griekspoor
Céline Dion
Daniel Brühl
Wolfgang Amadeus Mozart
Louis Pasteur
Charles Leclerc
Angèle
Victor Schœlcher
Robert Oppenheimer
Arnold Schwarzenegger
 
Statistiques - réponses
Réponse % Correct
Roger Federer
84%
Granit Xhaka
72%
Stanislas Wawrinka
68%
Guillaume Tell
60%
Stephan Eicher
55%
Henri Dès
46%
Jean-Jacques Rousseau
44%
Le Corbusier
38%
Mike Horn
38%
Alain Berset
36%
Albert Einstein
21%
Alain Delon
12%
Aucun quiz correspondant
Distribution des résultats
% des personnes avec chaque résultat
Percentile par nombre de réponses
Votre historique - résultats
Vous n’avez pas pris ce quiz